chaotic - Tate McRae - Statistics

General Stats
  • This quiz has been taken 249 times
    102 since last reset
  • The average score is 257 of 315
Answer Stats
Hint Answer % Correct
1 Verse I
98%
A
97%
that
95%
be
92%
But
92%
but
92%
go
92%
Chorus I'm
92%
me
92%
me?
92%
no,
92%
this
92%
chaotic
90%
it
90%
It
90%
it,
90%
my
90%
the
90%
Pre-Chorus You
90%
you
90%
could
88%
have
88%
How
88%
how
88%
in
88%
maybe
88%
Maybe
88%
now,
88%
up
88%
been
87%
best
87%
brutally
87%
Growing
87%
honest
87%
is
87%
on
87%
to
87%
trying
87%
Who
87%
foot
85%
Foot
85%
I'll
85%
all
83%
break
83%
carsick
83%
changing
83%
it's
83%
look
83%
making
83%
Nobody
83%
nowhere
83%
paralyzing
83%
said
83%
through
83%
And
82%
and
82%
Ask
82%
blame
82%
do
82%
going
82%
hell
82%
tell?
82%
we
82%
can't
80%
did
80%
don't
80%
2 Verse Don't
80%
ever
80%
exhausting
80%
fear
80%
I've
80%
just
80%
know?
80%
know
80%
myself
80%
would
80%
'cause
78%
explain
78%
God
78%
like
78%
looks
78%
Well
77%
well
77%
forbid
75%
here
75%
miss
75%
scared
75%
think
75%
got
73%
again,
72%
again
72%
of
72%
shit
72%
being
70%
care
70%
friends
70%
head
70%
our
70%
really
70%
say
70%
still
70%
admitting
68%
common
68%
having
68%
nothing
68%
texts
68%
stupid
67%
blowing
65%
him
65%
than
65%
love
63%
might
63%
never
63%
help
62%
wanna
62%
lonely's
60%
make
60%
felt
58%
oh
57%
desperate?
55%
seem
55%
stand
55%
thinking
52%
damn
50%
Fooling
48%
forget
48%
knew
48%
someone
48%
asked
47%
right
47%
Goddamn
43%
wanting
43%
too
40%
things
38%
much
37%
Spending
37%
time
35%
worst
25%
No matching quizzes found
Score Distribution
Percent of People with Each Score
Percentile by Number Answered
Your Score History
You have not taken this quiz since the last reset